000 00464cam a2200145 a 4500
020 _a9781890627966 (pbk.)
050 0 0 _aRJ 506.D68
_bG54 2009
245 0 0 _aGifts 2 :
_bhow people with Down syndrome enrich the world /
_cedited by Kathryn Lynard Soper ; foreword by Madeleine Will.
250 _a1st ed.
260 _aBethesda, MD :
_bWoodbine House,
_c2009.
300 _axxi, 337 p. :
650 0 _xPatients.
700 1 _aSoper, Kathryn Lynard.
942 _2lcc
_cGEN
999 _c6047
_d6047